| 000 | 00800cam a2200241 a 4500 | ||
|---|---|---|---|
| 001 | 000002389 | ||
| 005 | 20200929150206.0 | ||
| 008 | 780825s1977 sp b 001 0 eng | ||
| 020 | _a8460007375 | ||
| 040 |
_aDO-SdBNP _cDLC _dDLC |
||
| 082 |
_a492.7 _bC825g |
||
| 100 | 1 |
_aCorriente, F. _q(Federico), _d1940- _97585 |
|
| 245 | 1 | 2 |
_aA grammatical sketch of the spanish arabic dialect bundle / _cF. Corriente ; prólogo, Emilio García Gómez. |
| 260 |
_aMadrid : _bInstituto Hispano-Arabe de Cultura, _c1977. |
||
| 300 |
_a196 p. ; _c24 cm. |
||
| 504 | _aBibliografía: p. 13-21. | ||
| 500 | _aIncluye índice | ||
| 650 | 4 |
_aDialecto árabe _97586 |
|
| 650 | 4 |
_aDialecto español _97587 |
|
| 700 | 1 |
_aGarcía Gómez, Emilio, _epról. _97588 |
|
| 910 | _aCatalogación por copia / LC | ||
| 910 | _aWM | ||
| 999 |
_c2228 _d2228 |
||